MARC

LEADER 00000nam0a2200000 4500
001 297656
005 20231102001029.0
020 |a RU  |b 84-16873 
035 |a (RuTPU)RU\TPU\book\322790 
090 |a 297656 
100 |a 20150610d1984 m y0rusy5003 ca 
101 0 |a rus 
102 |a RU 
105 |a a j 000zy 
200 1 |a Процессы и аппараты химической промышленности  |e учебник  |f В. М. Лекае, А. В. Лекае 
205 |a 2-е изд., перераб. и доп. 
210 |a Москва  |c Высшая школа  |d 1984 
215 |a 247 с.  |c ил. 
225 1 |a Профессионально-техническое образование 
606 1 |a Химическая технология  |x Процессы  |2 stltpush  |3 (RuTPU)RU\TPU\subj\31251  |9 54153 
610 1 |a химическая промышленность 
610 1 |a аппараты 
610 1 |a процессы 
610 1 |a конструкционные материалы 
610 1 |a типовые конструкции 
610 1 |a эксплуатация 
610 1 |a промышленная санитария 
610 1 |a охрана 
610 1 |a труд 
610 1 |a безопасность 
610 1 |a учебники 
675 |a 66.021(075.32)  |v 3 
700 1 |a Лекае  |b В. М.  |g Владимир Михайлович 
701 1 |a Лекае  |b А. В.  |g Александр Владимирович 
801 0 |a RU  |b RuMRKP  |c 19950704  |g psbo 
801 1 |a RU  |b 63413507  |c 20150610 
801 2 |a RU  |b 63413507  |c 20190307  |g RCR 
942 |c BK